Se ressourcer… Se divertir… Lire (notice n° 1597680)

détails MARC
000 -LEADER
fixed length control field 02585cam a2200193 4500500
005 - DATE AND TIME OF LATEST TRANSACTION
control field 20251228074351.0
041 ## - LANGUAGE CODE
Language code of text/sound track or separate title fre
042 ## - AUTHENTICATION CODE
Authentication code dc
100 10 - MAIN ENTRY--PERSONAL NAME
Personal name Baron, Anne-Marie
Relator term author
245 00 - TITLE STATEMENT
Title Se ressourcer… Se divertir… Lire
260 ## - PUBLICATION, DISTRIBUTION, ETC.
Date of publication, distribution, etc. 2024.<br/>
500 ## - GENERAL NOTE
General note 73
520 ## - SUMMARY, ETC.
Summary, etc. Si le château de L’Héritière de Birague se calque sur celui, bien authentique, de Brézé proche de Saumur, les grilles balzaciennes de lecture peuvent-elles s’y appliquer ? La « pierre angulaire » métaphorique serait alors celle du discours palimpseste. Et il doit être possible de vérifier une chaîne signifiante onomastique autour de Brézé, en 1820. À une réponse positive qui vient conforter le château de Brézé comme référent essentiel, l’étude de l’hypothétique précision biographique qui en découle se justifie par le contexte de la création de ce premier roman publié en janvier 1822. Au-delà des romans de jeunesse, l’auteur de La Comédie humaine se plaît à conserver des thématiques développées à l’aube de son existence romanesque, souvent liées à sa vie personnelle, évoluant dans des jeux de mémoire, souvent autour d’une riche héritière – Eugénie Grandet – et qui sourdent, telles des sources résurgentes, comme : « Les Dreux reparurent un jour en Brézé ».
520 ## - SUMMARY, ETC.
Summary, etc. If the château of L’Héritière de Birague is modeled on the very real château of Brézé near Saumur, is Balzac’s way of reading the château actually applicable? If so, the metaphorical basis for such a reading would be that of the discourse of the palimpsest. And it should be possible to establish a chain of onomastic meanings around the Brézé of 1820. Assuming a positive response confirming the castle of Brézé as an essential referent, the study of the resulting hypothetical biographical information is justified by the context of the creation of his first published novel in January 1822. After the early novels, the author of La Comédie humaine liked to retain the themes developed at the outset of his novelistic career, often linked to his personal life, as they evolved in the ebb and flow of memory, often around a rich heiress – Eugénie Grandet – and rising like resurgent springs as in “Les Dreux reparurent un jour en Brézé”.
700 10 - ADDED ENTRY--PERSONAL NAME
Personal name Gagneux, Yves
Relator term author
700 10 - ADDED ENTRY--PERSONAL NAME
Personal name Lamy, Isabelle
Relator term author
786 0# - DATA SOURCE ENTRY
Note L'Année balzacienne | 24 | 1 | 2024-01-22 | p. 501a-509a | 0084-6473
856 41 - ELECTRONIC LOCATION AND ACCESS
Uniform Resource Identifier <a href="https://shs.cairn.info/revue-l-annee-balzacienne-2023-1-page-501a?lang=fr&redirect-ssocas=7080">https://shs.cairn.info/revue-l-annee-balzacienne-2023-1-page-501a?lang=fr&redirect-ssocas=7080</a>

Pas d'exemplaire disponible.

PLUDOC

PLUDOC est la plateforme unique et centralisée de gestion des bibliothèques physiques et numériques de Guinée administré par le CEDUST. Elle est la plus grande base de données de ressources documentaires pour les Étudiants, Enseignants chercheurs et Chercheurs de Guinée.

Adresse

627 919 101/664 919 101

25 boulevard du commerce
Kaloum, Conakry, Guinée

Réseaux sociaux

Powered by Netsen Group @ 2025